Lecciones de Teoría Constitucional Chilena
Сохранить в:
| Главный автор: | |
|---|---|
| Формат: | Неизвестно |
| Язык: | английский |
| Опубликовано: |
Santiago
Thomson Reuters
2019
|
| Предметы: | |
| Метки: |
Добавить метку
Нет меток, Требуется 1-ая метка записи!
|
MARC
| LEADER | 00000 a2200000 4500 | ||
|---|---|---|---|
| 003 | CL-VaPUC | ||
| 005 | 20220222103442.0 | ||
| 008 | 200317b ||||| |||| 00| 0 eng d | ||
| 999 | |c 417039 |d 417037 | ||
| 020 | |a 9789564000817 | ||
| 040 | |c Pontificia Universidad Católica de Valparaíso | ||
| 082 | 0 | 4 | |a 342.83 PER 2019 |
| 100 | 1 | |a Peredo Rojas, Marcela Inés |9 720321 | |
| 245 | 1 | 0 | |a Lecciones de Teoría Constitucional Chilena |
| 260 | |b Thomson Reuters |c 2019 |a Santiago | ||
| 300 | |a 321 p | ||
| 583 | |k Hugo Gaete |c 20200317 | ||
| 650 | 0 | 0 | |a Teoría constitucional |9 484733 |
| 650 | 0 | 0 | |a Derecho constitucional |9 222588 |
| 650 | 0 | 0 | |a CONSTITUCION CHILENA |9 404138 |
| 650 | 0 | 0 | |a INSTITUCIONALIDAD |9 383104 |
| 650 | 0 | 0 | |a Constitución política |9 336925 |
| 651 | |a CHILE |9 737662 | ||
| 942 | |2 ddc |c BK | ||
| 952 | |0 0 |1 0 |2 ddc |4 0 |6 342_830000000000000_PER_2019 |7 0 |9 560917 |a BIBDER |b BIBDER |d 2020-03-09 |e 31 |g 0.00 |i 5573599 |l 1 |m 1 |o 342.83 PER 2019 |p 5573599 |r 2023-01-25 |s 2022-06-13 |t 1 |v 0.00 |w 2020-03-09 |y BK |k DER | ||